005420000a22001090004500001000600000041000800006082001200014245005000026300001000076500001300086505033300099130560 aSPA04aAV 000610aWorld alliance of reformed churches / UP Date a7 Pag aFolletos00a- Comité ejecutivo de la ARM de 1993 en estocolmo - Voces reformadas en Santiago - ¿Por qué consolidar, interpelar y transformar? - Las mujeres se reúnen en Venezuela... - Y claman su identidad en Bélgica - La cruz en el Sudán - En marcha hacia el ecumenismo más amplio - El centro John Knox festejó sus 40 años